000 02139nam a2200361 i 4500
001 000021808
003 DO-SdBNP
005 20260601121226.0
007 ta
008 100913s2000 dr 001 0 spa d
020 _a9993442003 (v.1)
020 _a9993442011 (v.2)
040 _aDO-SdBNP
_bspa
_cBNPHU
_erda
041 _aspa
082 4 _a923.27293
_bB742P
_222
100 _aPiña-Contreras, Guillermo,
_d1952-
_eautor
_4aut.
_9315
245 1 0 _aJuan Bosch :
_bimagen, trayectoria y escritura /
_cGuillermo Piña Contreras ; coordinación editorial, José Chez Checo
264 4 _aSanto Domingo :
_bComisión Permanente de la Feria del Libro,
_c©2000.
300 _a2 volumenes :
_bilustraciones, fotos ;
_c31 cm.
336 _atexto
_btxt
_2rdacontent
337 _asin mediación
_bn
_2rdamedia
338 _avolumen
_bn
_2rdacarrier
490 0 _aEscritura y bibliografía
_v2
500 _aIncluye datos biográficos del autor en la solapa de la contracubierta
500 _aIncluiye índices
505 0 _av.1 --
_t Infancia y adolescencia en la formación de un escritor (1909-1930) --
_tSanto Domingo: un escritor bajo la dictadura (1930-1938) --
_t Exilio, creación literaria y actividad política (1938-1950) --
_tDe un exilio al otro: Cuba, Costa Rica, Bolivia, Chile y Venezuela (1950-1961) --
_tDel exilio a la presidencia, de la presidencia al exilio (1961-1966) --
_tAños de reflexión político-ideológica (1966-1973) --
_tPartido de la Liberación Dominicana : nueva concepción política de Juan Bosch (1973-1996) --
_t Juan Bosch: el camino de la historia. Homenajes y reconocimientos --
_tÍndices--
_gv.2--
_tIntroducción--
_tObras de Juan Bosch--
_tPublicaciones en órganos políticos, discursos y charlas radiales--
_tOtras publicaciones--
_tEntrevistas--
_tFilmografía y discografía--
_tJuan Bosch: biografía pasiva--
_tÍndices.
590 _aInventariado, 2026/BT
600 1 0 _a Bosch, Juan,
_d1909-2001
_976555
651 4 _aRepública Dominicana
_xBibliografías
_929836
700 1 _aChez Checo, José,
_ecoordinador
_4coord.
_980381
910 _aValidado. Control de calidad MFF
942 _2ddc
_cLBS1
999 _c21306
_d21306